000 00609nam a22002057a 4500
999 _c20619
_d20619
003 AR-CdUCM
008 190531b ||||| |||| 00| 0 spa d
040 _aMUNICIPALIDAD PROVINCIAL DEL CUSCO
_cBIBLIOTECA MUNICIPAL DEL CUSCO
082 _a947 /
_bT22
100 _aTarnovski, Konstantin
_943089
245 _aHistoria ilustrada de la URSS /
260 _aURSS :
_bDela agencia,
_c1982.
300 _a175 páginas ;
_bFotos,
_c23 cm.
505 _aContenido : Ensayo
650 _aFeudalismo
_91761
650 _aCapitalismo
_93221
650 _aSocialismo
_91037
942 _2ddc
_cLIBROS
945 _arcc